20 plus grandes villes d'Afrique(en ordre) - Statistiques

Statistiques générales
  • Ce quiz a été pris 29 fois
  • Le résultat moyen est 8 sur 18
Statistiques - réponses
Pays Population Villes % Correct
RDCongo 11.9 Kinshasa
90%
Nigeria 21.0 Lagos
86%
Afrique du sud 5.6 Johannesburg
79%
Maroc 3.4 Casablanca
76%
Kenya 4.4 Nairobi
76%
Cote d' Ivoire 4.4 Abidjan
72%
Egypte 5.2 Alexandrie
55%
Egypte 9.5 La Caire
52%
Tanzanie 4.4 Dar es Salaam
48%
Angola 2.6 Luanda
45%
Ethiopie 3.4 Addis-Abeba
38%
Cameroun 2.4 Douala
38%
Nigeria 3.9 Kano
34%
Algerie 3.9 Algers
17%
Nigeria 3.0 Ibadan
17%
Egypte 8.8 Gizeh
10%
Ghana 1.8 Kumasi
10%
Nigeria 2.5 Aba
3%
Aucun quiz correspondant
Distribution des résultats
% des personnes avec chaque résultat
Percentile par nombre de réponses
Votre historique - résultats
Vous n’avez pas pris ce quiz